| 000 | 01120pam a2200277 a 4500 | ||
|---|---|---|---|
| 999 |
_c128181 _d128181 |
||
| 001 | 565603 | ||
| 003 | ARRUPE | ||
| 005 | 20180919120818.0 | ||
| 008 | 890725s1989 nyua b 001 0beng | ||
| 010 | _a 89038238 | ||
| 020 |
_a0312039921 : _c$24.95 (est.) |
||
| 040 |
_aDLC _cDLC _dDLC |
||
| 043 | _af-et--- | ||
| 050 | 0 | 0 |
_aDT387.7 _b.L63 1993 |
| 082 | 0 | 0 |
_a963/.054/092 _aB _220 |
| 100 | 1 |
_aLockot, Hans Wilhelm. _942302 |
|
| 245 | 1 | 4 |
_aThe mission : _bthe life, reign, and character of Haile Sellassie I / _cHans Wilhelm Lockot. |
| 260 |
_aNew York : _bSt. Martin's Press, _c1989. |
||
| 300 |
_avi, 167 p. : _bill. ; _c23 cm. |
||
| 504 | _aIncludes bibliographical references and index. | ||
| 600 | 0 | 0 |
_aHaile Selassie _bI, _cEmperor of Ethiopia, _d1892-1975. _95352 |
| 651 | 0 |
_aEthiopia _xKings and rulers _xBiography. _942303 |
|
| 700 | 0 |
_aHaile Selassie _bI, _cEmperor of Ethiopia, _d1892-1975. _95352 |
|
| 906 |
_a7 _bcbc _corignew _d1 _eocip _f19 _gy-gencatlg |
||
| 942 |
_2lcc _cMONOGRAPH |
||